|
|
|
|
| LEADER |
00000cam a2200000 a 4500 |
| 001 |
vtls010603939 |
| 003 |
SK-MaSNL |
| 005 |
20260301174931.0 |
| 008 |
190102s1976 xo a e n 000 0 slo |
| 015 |
|
|
|a SKSNBA1976
|
| 040 |
|
|
|a SNK
|b slo
|c SNK
|e AACR2
|
| 041 |
0 |
|
|a slo
|
| 044 |
|
|
|a xo
|c SK
|
| 080 |
|
|
|a 546:542(075.8)
|2 1981
|
| 080 |
|
|
|a 542:546(075.8)
|2 1981
|
| 080 |
|
|
|a 378: 546:542(075.8)
|2 1981
|
| 100 |
1 |
|
|a Sopková, Anna,
|d 1927-1999
|4 aut
|9 221519
|
| 245 |
1 |
0 |
|a Preparatívna chémia anorganická
|c Anna Sopková
|
| 250 |
|
|
|a 3. vyd.
|
| 260 |
|
|
|a Košice
|b Univerzita P. J. Šafárika
|c 1976
|
| 300 |
|
|
|a 226 s.
|b sch., tab.
|c 29 cm
|
| 366 |
|
|
|e 350 výt.
|
| 490 |
1 |
|
|a Vysokoškolské učebné texty
|
| 504 |
|
|
|a Bibliogr. odkazy
|
| 650 |
0 |
7 |
|a organická chémia
|2 SNKPH
|9 851
|
| 655 |
|
7 |
|a učebnice vysokých škôl
|2 SNKPH
|9 70191
|
| 810 |
2 |
|
|a Univerzita Pavla Jozefa Šafárika v Košiciach
|t Vysokoškolské učebné texty
|9 189505
|
| 954 |
|
|
|a odborná, vedecká literatúra pôvodná (slovenská)
|2 lita
|
| 958 |
|
|
|a OND
|
| 958 |
|
|
|a RM
|
| 958 |
|
|
|a UV
|
| 958 |
|
|
|a NB
|
| 958 |
|
|
|a RK
|
| 999 |
|
|
|c 841113
|d 843043
|
| 952 |
|
|
|a SNK
|b SNK
|y PREZ
|7 0
|p 17A0942196
|o snkSB 24402
|i snkKSP 7336/76
|0 0
|1 0
|4 0
|d 2014-06-17
|f 1
|l 0
|r 2025-03-28 00:00:00
|w 2026-02-24
|
| 952 |
|
|
|a SNK
|b SNK
|y VYP
|7 0
|o snkSB 24402 D1
|i snkKSP 7337/76
|0 0
|1 0
|4 0
|d 2014-06-17
|l 0
|r 2026-02-24 04:10:30
|w 2026-02-24
|